000 00615nam a2200229Ia 4500
005 20241129115540.0
008 241129s9999||||xx |||||||||||||| ||und||
020 _a9781944660529
037 _aTB
040 _aSDCL
_beng
_cSDCL
041 _aeng
_2eng
084 _aB28931 R3
_qSDCL
100 _aCarlier Guillaume
_9727723
245 0 _aClassical and modern optimization
260 _aChennai
_bWorld scientific
_c2023
300 _axiii,371p.
365 _aINR
_b0
490 _aAdvanced textbooks in mathematics
650 _aGift
942 _cTB
_hB28931 R3
999 _c1230928
_d1230928